عرض عادي
عرض مارك
- الإرشاد المرجعي
مدخل مصطلح موضوعي
001 - رقم الضبط
- حقل الضبط: 42905
003 - معرف رقم الضبط
- حقل الضبط: OSt
005 - تاريخ ووقت أخر عملية
- حقل الضبط: 20140211110756.0
008 - عناصر بيانات ثابتة الطول
- حقل تحكم ثابت الطول: 140211|||a|||||| | ||| d
040 ## - مصدر الفهرسة
- هيئة الفهرسة الأصلية: OSt
- وكالة الكتابة: OSt
150 ## - مدخل-- مصطلح تاريخي
- عنصر مدخل المصطلح الموضوعي او الاسم الجغرافي: الإرشاد المرجعي
670 ## - بيانات المصدر موجوده
- الاستشهاد بالمصدر: Work cat.: (OSt): العناسوة، محمد علي 12516, علم المرجعيات :, 2013
